Nghiên cứu một số đặc điểm sinh học và thử nghiệm sản xuất giống cá đối đất (liza subviridis Valenciennes, 1836) : Luận án tiến sĩ Thủy sản chuyên ngành Nuôi trồng thủy sản

Nhằm xác định đặc điểm sinh học sinh sản và biện pháp thích hợp trong kích thích sinh sản nhân tạo và ương cá đối đất từ bột lên giống, góp phần phát triển nghề sản xuất giống và nuôi cá đối đất trong vùng...

Ausführliche Beschreibung

Gespeichert in:
Bibliographische Detailangaben
1. Verfasser: Lê, Quốc Việt
Format: Buch
Sprache:Undetermined
Veröffentlicht: Cần Thơ Trường Đại học Cần Thơ 2012
Schlagworte:
Tags: Tag hinzufügen
Keine Tags, Fügen Sie den ersten Tag hinzu!
Thư viện lưu trữ: Trung tâm Học liệu Trường Đại học Cần Thơ
LEADER 01247nam a2200217Ia 4500
001 CTU_177675
008 210402s9999 xx 000 0 und d
082 |a 639.342 
082 |b V308 
088 |a 62620301 
100 |a Lê, Quốc Việt 
245 0 |a Nghiên cứu một số đặc điểm sinh học và thử nghiệm sản xuất giống cá đối đất (liza subviridis Valenciennes, 1836) : 
245 0 |b Luận án tiến sĩ Thủy sản chuyên ngành Nuôi trồng thủy sản 
245 0 |c Lê Quốc Việt ; Nguyễn Anh Tuấn, Trần Ngọc Hải (Hướng dẫn khoa học) 
260 |a Cần Thơ 
260 |b Trường Đại học Cần Thơ 
260 |c 2012 
520 |a Nhằm xác định đặc điểm sinh học sinh sản và biện pháp thích hợp trong kích thích sinh sản nhân tạo và ương cá đối đất từ bột lên giống, góp phần phát triển nghề sản xuất giống và nuôi cá đối đất trong vùng 
650 |a Aquaculture,Nuôi trồng thủy sản 
904 |i Phú,Hải 
980 |a Trung tâm Học liệu Trường Đại học Cần Thơ